[Event "Frankfurt Ch B 2019"]
[Site "Ffm-Höchst, BiKuZ"]
[Date "2019.05.20"]
[Round "4.9"]
[White "Klinke, Roland"]
[Black "Nebel, Marcel"]
[Result "0-1"]
[WhiteElo "1157"]
[BlackElo "1309"]
[PlyCount "73"]
[EventDate "2019.??.??"]
[WhiteTeam "TuS Dotzheim"]
[BlackTeam "Berkershm"]

1. d4 d5 2. c4 e6 3. Nf3 Nf6 4. Bd2 dxc4 5. e3 b5 6. a4 c6 7. axb5 cxb5 8. Ba5
Qd6 9. Ne5 Bb7 10. Nc3 a6 11. b3 cxb3 12. Qxb3 Nc6 13. Nc4 Qe7 14. Nd2 Nxa5 15.
Rxa5 Qb4 16. Ra1 Qxb3 17. Nxb3 Bb4 18. Kd1 Bxc3 19. Rc1 b4 20. f3 O-O 21. Nc5
Bc8 22. Bc4 Nd5 23. Ke2 a5 24. Na4 Ba6 25. Bxa6 Rxa6 26. e4 Nb6 27. Nxc3 bxc3
28. Rxc3 Rc8 29. Kd3 Rxc3+ 30. Kxc3 Kf8 31. Kb3 Ke7 32. Rc1 Kd7 33. Ka3 Ra8 34.
Rb1 Kc7 35. Rc1+ Kb7 36. Rc5 Rd8 37. Rxa5 0-1

[Event "Frankfurt Ch B 2019"]
[Site "Ffm-Höchst, BiKuZ"]
[Date "2019.05.20"]
[Round "4.10"]
[White "Brendel, Lutz"]
[Black "Häfner, Günther"]
[Result "1/2-1/2"]
[WhiteElo "1407"]
[BlackElo "1203"]
[PlyCount "90"]
[EventDate "2019.??.??"]
[WhiteTeam "Schach AG im FDG"]
[BlackTeam "Berkershm"]

1. g4 e5 2. Bg2 Ne7 3. d3 Ng6 4. Nf3 Nc6 5. c4 Nf4 6. Bxf4 exf4 7. a3 d5 8.
cxd5 Qxd5 9. Nc3 Qd8 10. h3 Be7 11. Qd2 Nd4 12. Nxd4 Qxd4 13. Nd5 Bd6 14. Nxf4
Qxf4 15. Qc2 O-O 16. e3 Qg5 17. O-O-O Re8 18. Rdg1 Rb8 19. d4 Be6 20. h4 Qb5
21. Be4 g6 22. h5 Bb3 23. Bd3 Qb6 24. Qc3 Qc6 25. Qxc6 bxc6 26. hxg6 fxg6 27.
Rh3 Bd5 28. Kc2 Be4 29. f4 Bxd3+ 30. Kxd3 Rxb2 31. Rgh1 Re7 32. f5 gxf5 33.
gxf5 Rb3+ 34. Kd2 Bxa3 35. Rg1+ Kf8 36. Rhg3 Rf7 37. e4 Rxg3 38. Rxg3 Be7 39.
Rf3 Bg5+ 40. Kd3 Ke7 41. e5 a5 42. Kc4 Bd2 43. Kc5 h6 44. Kxc6 Kd8 45. d5 Bb4
1/2-1/2

[Event "Frankfurt Ch B 2019"]
[Site "Ffm-Höchst, BiKuZ"]
[Date "2019.05.20"]
[Round "4.11"]
[White "Lassek, Bjarne"]
[Black "Manasek, Martin"]
[Result "0-1"]
[WhiteElo "1194"]
[BlackElo "1360"]
[PlyCount "55"]
[EventDate "2019.??.??"]
[WhiteTeam "Schach AG im FDG"]
[BlackTeam "SC Flörsheim"]

1. e4 e6 2. d4 d5 3. e5 c5 4. c3 Nc6 5. Nf3 cxd4 6. cxd4 Bb4+ 7. Nc3 Nge7 8.
Be2 O-O 9. O-O a6 10. Ng5 h6 11. Nh3 Nf5 12. a3 Ba5 13. b4 Bc7 14. Be3 Bb6 15.
Bh5 Bxd4 16. Bxd4 Ncxd4 17. g4 Qh4 18. Nf4 Qg5 19. Kh1 Qxf4 20. gxf5 Nxf5 21.
Rg1 Qxe5 22. Qf3 b5 23. Rg4 Bb7 24. Rag1 Rab8 25. Rxg7+ Nxg7 26. Rxg7+ Qxg7 27.
Qxf7+ Rxf7 28. Bxf7+ 0-1

[Event "Frankfurt Ch B 2019"]
[Site "Ffm-Höchst, BiKuZ"]
[Date "2019.05.20"]
[Round "4.12"]
[White "Giebitz, Walter"]
[Black "Grinberg, Igor"]
[Result "0-1"]
[WhiteElo "1297"]
[BlackElo "1187"]
[PlyCount "56"]
[EventDate "2019.??.??"]
[WhiteTeam "SC Steinbach"]
[BlackTeam "TuS Makkabi"]

1. e4 e5 2. Nf3 Nc6 3. d4 exd4 4. Nxd4 Qh4 5. Nxc6 Qxe4+ 6. Qe2 Qxe2+ 7. Bxe2
bxc6 8. O-O Bc5 9. Re1 Ne7 10. Bf4 O-O 11. Nd2 Nd5 12. Bg3 d6 13. Bf3 Nb4 14.
Bd1 Be6 15. c4 Nd3 16. Re2 Nxb2 17. Bb3 Bb4 18. Nf3 Nxc4 19. Bxc4 Bxc4 20. Re7
Ba5 21. Nd4 Bd5 22. Rc1 Rab8 23. h3 Rb2 24. a3 Ra2 25. Nxc6 Bxc6 26. Rxc6 Bb6
27. Rc4 Rxa3 28. Rce4 Rxg3 0-1

[Event "Frankfurt Ch B 2019"]
[Site "Ffm-Höchst, BiKuZ"]
[Date "2019.05.20"]
[Round "4.13"]
[White "Schäfer, Dieter"]
[Black "Wich, Manuela"]
[Result "1-0"]
[WhiteElo "1167"]
[BlackElo "1488"]
[PlyCount "111"]
[EventDate "2019.??.??"]
[WhiteTeam "SV Ffm-Griesheim"]
[BlackTeam "SV Hofheim"]

1. d4 c5 2. Nf3 d6 3. c4 Nf6 4. Nc3 cxd4 5. Nxd4 a6 6. e4 e5 7. Nf3 Be7 8. h3
Bd7 9. Be2 Bc6 10. Qc2 Nbd7 11. Be3 O-O 12. O-O Rc8 13. Rad1 b5 14. b3 b4 15.
Nd5 Nxd5 16. exd5 Bb7 17. Bd3 g6 18. Qd2 f5 19. Ng5 Bxg5 20. Bxg5 Qe8 21. Qxb4
Nc5 22. Be3 Qe7 23. Rfe1 e4 24. Bxc5 dxc5 25. Qd2 Rce8 26. Re3 Qf6 27. Bb1 Qd6
28. Rde1 Re7 29. f3 Ref7 30. fxe4 fxe4 31. Bxe4 Rf2 32. R3e2 R2f6 33. Bc2 Bc8
34. Re8 Qg3 35. Rxf8+ Rxf8 36. Re3 Qg5 37. Qe2 Qh4 38. Re8 Qd4+ 39. Kh1 Qa1+
40. Kh2 Qxa2 41. Rxf8+ Kxf8 42. Qf3+ Kg7 43. Qc3+ Kg8 44. d6 Qa3 45. Qe3 Bd7
46. Qe7 Bc6 47. Qc7 Be8 48. Qd8 Qb2 49. Qxe8+ Kg7 50. Qe7+ Kh6 51. d7 Qxc2 52.
d8=Q Qf5 53. Qd2+ g5 54. Qdd6+ Qg6 55. Qf8+ Kh5 56. g4+ 1-0

[Event "Frankfurt Ch B 2019"]
[Site "Ffm-Höchst, BiKuZ"]
[Date "2019.05.20"]
[Round "4.14"]
[White "Tryfon, Konstantin"]
[Black "Brunner, Andreas"]
[Result "1/2-1/2"]
[WhiteElo "1239"]
[BlackElo "1338"]
[PlyCount "118"]
[EventDate "2019.??.??"]
[WhiteTeam "SV Hofheim"]
[BlackTeam "Berkershm"]

1. e4 e6 2. d4 d5 3. exd5 Qxd5 4. c4 Qd8 5. Nc3 Nf6 6. h3 b6 7. Be3 Bb7 8. Qb3
Be7 9. Rd1 O-O 10. Nf3 Bxf3 11. gxf3 Nh5 12. d5 e5 13. Rg1 Nf4 14. Ne4 Nd7 15.
d6 cxd6 16. Nxd6 Bxd6 17. Rxd6 Qc7 18. Rd2 Rfe8 19. Kd1 Rac8 20. Qc3 f6 21. h4
Qc6 22. Bxf4 exf4 23. b3 Rcd8 24. Kc2 Ne5 25. Bg2 Rxd2+ 26. Qxd2 Ng6 27. h5 Nh4
28. Qxf4 Nxg2 29. Rxg2 Qe6 30. Kc3 Qe1+ 31. Qd2 Qe5+ 32. Qd4 Qxh5 33. Qd5+ Qf7
34. Rg4 h6 35. Re4 Rxe4 36. fxe4 g6 37. Kd2 h5 38. Ke1 Kg7 39. f3 Qc7 40. Kf1
h4 41. Qd2 g5 42. Kg1 Qc5+ 43. Qf2 Qe5 44. Qd2 Qg3+ 45. Qg2 Qe1+ 46. Qf1 Qd2
47. Qg2 Qc1+ 48. Qf1 Qc2 49. Qf2 Qb1+ 50. Kg2 Kg6 51. Qe2 Qc1 52. Qd3 Qb2+ 53.
Kh3 Qe5 54. f4 gxf4 55. Qd5 Kg5 56. Qg8+ Kh6 57. Qf8+ Kg6 58. Qg8+ Kh6 59. Qf8+
Kg6 1/2-1/2

[Event "Frankfurt Ch B 2019"]
[Site "Ffm-Höchst, BiKuZ"]
[Date "2019.05.20"]
[Round "4.15"]
[White "Pessotschinski, Eduard"]
[Black "Barth, Horst"]
[Result "1-0"]
[WhiteElo "1263"]
[BlackElo "1200"]
[PlyCount "47"]
[EventDate "2019.??.??"]
[WhiteTeam "TuS Makkabi"]
[BlackTeam "SF Mainz"]

1. e4 c5 2. Nc3 d6 3. f4 e6 4. Bc4 Nc6 5. Nf3 Be7 6. O-O f5 7. exf5 d5 8. Bb5
a6 9. Bxc6+ bxc6 10. fxe6 Bxe6 11. Ne5 Qc7 12. Qh5+ g6 13. Nxg6 Bf7 14. f5 Qd6
15. d3 Nf6 16. Qh3 Rg8 17. Nxe7 Kxe7 18. Bf4 Qd7 19. Rae1+ Kd8 20. Bg5 Rxg5 21.
Qh4 Rg8 22. Qxf6+ Kc8 23. Re7 Qd8 24. Qxc6+ 1-0

[Event "Frankfurt Ch B 2019"]
[Site "Ffm-Höchst, BiKuZ"]
[Date "2019.05.20"]
[Round "4.16"]
[White "Hartwig, Horst"]
[Black "Rosen, Thomas"]
[Result "0-1"]
[WhiteElo "1080"]
[BlackElo "1257"]
[PlyCount "98"]
[EventDate "2019.??.??"]
[WhiteTeam "vereinslos"]
[BlackTeam "SV Lahn Limburg"]

1. e4 e5 2. Nf3 Nc6 3. Bb5 a6 4. Ba4 Nf6 5. d3 b5 6. Bb3 Be7 7. Ng5 O-O 8. c3
h6 9. Nf3 d5 10. exd5 Nxd5 11. h3 Be6 12. Qe2 Nf4 13. Bxf4 Bxb3 14. axb3 exf4
15. O-O Re8 16. Qd2 Bf6 17. d4 Qd6 18. Qd3 Ne5 19. Nxe5 Bxe5 20. Qf3 Bf6 21.
Nd2 Qe6 22. Kh2 Bh4 23. Rae1 Qd7 24. Ne4 Be7 25. Rd1 a5 26. Kg1 Qf5 27. Kh2
Rac8 28. g3 fxg3+ 29. fxg3 Qxf3 30. Rxf3 Bf8 31. Re3 f5 32. Nf6+ gxf6 33. Rf3
Re2+ 34. Kg1 Rxb2 35. Rxf5 Rxb3 36. Rd3 Kg7 37. Kg2 a4 38. Rf1 a3 39. Kf3 Ra8
40. Ra1 b4 41. Ke4 a2 42. Rd2 Rba3 43. c4 b3 44. c5 Rb8 45. Rb2 c6 46. Kd3 Kg6
47. Ke4 Bg7 48. Kf4 f5 49. Ke3 Rb4 0-1

[Event "Frankfurt Ch B 2019"]
[Site "Ffm-Höchst, BiKuZ"]
[Date "2019.05.20"]
[Round "4.17"]
[White "Paulicks, Frank"]
[Black "Corluka, Lukas"]
[Result "1-0"]
[WhiteElo "1252"]
[BlackElo "1135"]
[PlyCount "100"]
[EventDate "2019.??.??"]
[WhiteTeam "SC Bad Nauheim"]
[BlackTeam "Schach AG im FDG"]

1. d4 Nf6 2. Bf4 e6 3. e3 a6 4. a4 d5 5. Nd2 c5 6. c3 Nc6 7. Ngf3 Bd6 8. Bg3
O-O 9. Bd3 c4 10. Bc2 Bxg3 11. hxg3 Qd6 12. Ng5 h6 13. Ngf3 e5 14. dxe5 Nxe5
15. Nxe5 Qxe5 16. f4 Qxe3+ 17. Qe2 Qxe2+ 18. Kxe2 Bg4+ 19. Kf2 Rfe8 20. Rae1 b5
21. Nf3 Ne4+ 22. Bxe4 dxe4 23. Ne5 Bf5 24. g4 Bh7 25. a5 Rad8 26. Rd1 f6 27.
Nd7 e3+ 28. Ke1 Bd3 29. Nc5 Rd5 30. Nxa6 Red8 31. Nc7 R5d7 32. Nxb5 Bc2 33.
Rxd7 Rxd7 34. Nd4 Bd3 35. Rh5 Rb7 36. Rb5 Ra7 37. Nf5 Bxf5 38. gxf5 Kf7 39. Ke2
Ke7 40. Kxe3 Kd6 41. Kd4 Rc7 42. Rb6+ Rc6 43. Rxc6+ Kxc6 44. Kxc4 Kb7 45. b4
Ka6 46. Kc5 Kb7 47. b5 Ka7 48. Kc6 Kb8 49. c4 h5 50. b6 h4 1-0

[Event "Frankfurt Ch B 2019"]
[Site "Ffm-Höchst, BiKuZ"]
[Date "2019.05.20"]
[Round "4.18"]
[White "Landvoigt, Martin"]
[Black "Grimm, Heinz-Peter"]
[Result "1-0"]
[WhiteElo "1232"]
[BlackElo "1445"]
[PlyCount "61"]
[EventDate "2019.??.??"]
[WhiteTeam "SF Friedberg"]
[BlackTeam "vereinslos"]

1. d4 d5 2. f4 Bf5 3. Nf3 Nc6 4. a3 a6 5. e3 h6 6. Bd3 Qd7 7. O-O Bg4 8. Qe1
Nf6 9. Ne5 Nxe5 10. fxe5 Ne4 11. Nd2 Nxd2 12. Bxd2 e6 13. Qg3 Bh5 14. Qh4 Bg6
15. Bxg6 fxg6 16. b4 Qe7 17. Qf2 Qd7 18. Qe2 O-O-O 19. c4 Be7 20. b5 axb5 21.
cxb5 Rdf8 22. a4 Rxf1+ 23. Rxf1 b6 24. a5 Kb7 25. a6+ Ka7 26. Rf7 Rh7 27. Bb4
c5 28. dxc5 Qe8 29. cxb6+ Kxb6 30. Rxe7 Qf8 31. Rb7# 1-0

[Event "Frankfurt Ch B 2019"]
[Site "Ffm-Höchst, BiKuZ"]
[Date "2019.05.20"]
[Round "4.19"]
[White "Mook, Karl-Jürgen"]
[Black "Czinkota, Michael"]
[Result "0-1"]
[WhiteElo "1261"]
[BlackElo "1144"]
[PlyCount "58"]
[EventDate "2019.??.??"]
[WhiteTeam "SC Sulzbach"]
[BlackTeam "SC Bad Soden"]

1. e4 e5 2. Nf3 Nc6 3. Be2 Nf6 4. d4 exd4 5. e5 Ng4 6. O-O Ngxe5 7. Nxd4 Bc5 8.
Nxc6 Nxc6 9. Nc3 O-O 10. Na4 Bd4 11. Bf4 d6 12. Bf3 Qf6 13. Bc1 Bd7 14. c3 Be5
15. Qd3 Qh4 16. g3 Qxa4 17. b3 Qa6 18. Qc2 Nb4 19. cxb4 Bxa1 20. Be2 Bb5 21.
Bxb5 Qxb5 22. Qxc7 Qc6 23. Qe7 Rfe8 24. Qg5 Bf6 25. Qg4 Qe4 26. Qd1 Qxb4 27.
Bf4 Rad8 28. Qg4 Be5 29. Bh6 Qxg4 0-1

[Event "Frankfurt Ch B 2019"]
[Site "Ffm-Höchst, BiKuZ"]
[Date "2019.05.20"]
[Round "4.20"]
[White "Wundram, Till"]
[Black "Czinkota, Thomas"]
[Result "1-0"]
[WhiteElo "1310"]
[BlackElo "828"]
[PlyCount "25"]
[EventDate "2019.??.??"]
[WhiteTeam "vereinslos"]
[BlackTeam "SC Bad Soden"]

1. e4 e5 2. Nf3 Nc6 3. Bb5 Nf6 4. O-O Nxe4 5. Re1 f5 6. d3 d5 7. dxe4 fxe4 8.
Nxe5 a6 9. Nxc6 bxc6 10. Bxc6+ Bd7 11. Bxa8 Qxa8 12. Qh5+ g6 13. Qe5+ 1-0

[Event "Frankfurt Ch A 2019"]
[Site "Ffm-Höchst, BiKuZ"]
[Date "2019.05.27"]
[Round "5.1"]
[White "Milov, Leonid"]
[Black "Poetsch, Hagen"]
[Result "1/2-1/2"]
[WhiteElo "2456"]
[BlackElo "2497"]
[PlyCount "30"]
[EventDate "2019.??.??"]
[WhiteTeam "SC Noris-Tarrasch Nürnberg"]
[BlackTeam "SC Heusenstamm"]

1. e4 e6 2. d4 d5 3. exd5 exd5 4. Nf3 Nf6 5. Bd3 Bd6 6. O-O O-O 7. Bg5 Bg4 8.
Nbd2 Nbd7 9. c3 c6 10. Qc2 h6 11. Bh4 Re8 12. Rfe1 Qc7 13. Bg3 Bxg3 14. hxg3
Rxe1+ 15. Rxe1 Re8 1/2-1/2

[Event "Frankfurt Ch A 2019"]
[Site "Ffm-Höchst, BiKuZ"]
[Date "2019.05.27"]
[Round "5.3"]
[White "Khenkin, Igor"]
[Black "Weber, Samuel"]
[Result "1-0"]
[WhiteElo "2512"]
[BlackElo "2147"]
[PlyCount "73"]
[EventDate "2019.??.??"]
[WhiteTeam "SG Turm Kiel"]
[BlackTeam "SV Oberursel"]

1. Nf3 Nf6 2. c4 e6 3. Nc3 Bb4 4. Qc2 O-O 5. a3 Bxc3 6. Qxc3 d6 7. d4 Ne4 8.
Qc2 f5 9. g3 a5 10. Bg2 Nd7 11. O-O c6 12. Nh4 g5 13. Bxe4 fxe4 14. Ng2 d5 15.
Qd2 g4 16. Qh6 Qf6 17. Qh5 Qg6 18. Qh4 Nf6 19. Bg5 Bd7 20. Rac1 Ne8 21. Nf4 Qf5
22. h3 gxh3 23. g4 Qf7 24. Rc3 Qg7 25. Rxh3 Rf7 26. e3 dxc4 27. Bh6 Qf6 28. Bg5
Qg7 29. Bh6 Qf6 30. g5 Qf5 31. Rg3 Ng7 32. g6 hxg6 33. Rxg6 Re8 34. Kh2 Ree7
35. Rfg1 e5 36. Bxg7 Rxg7 37. Qxe7 1-0

[Event "Frankfurt Ch A 2019"]
[Site "Ffm-Höchst, BiKuZ"]
[Date "2019.05.27"]
[Round "5.4"]
[White "Waffenschmidt, Joachim"]
[Black "Legde, Georg"]
[Result "1/2-1/2"]
[WhiteElo "2001"]
[BlackElo "2263"]
[PlyCount "42"]
[EventDate "2019.??.??"]
[WhiteTeam "SC Brett vorm Kopp"]
[BlackTeam "Freibauer Mörlenbach"]

1. d4 Nf6 2. c4 e6 3. Nc3 Bb4 4. Qc2 O-O 5. a3 Bxc3+ 6. Qxc3 d6 7. Nf3 Nbd7 8.
e3 b6 9. Be2 Bb7 10. O-O Qe7 11. b4 c5 12. Bb2 Ne4 13. Qc2 Rfc8 14. dxc5 bxc5
15. Bd3 d5 16. b5 Nef6 17. Nd2 h6 18. a4 a5 19. cxd5 exd5 20. Bf5 Rc7 21. Nf3
Ne8 1/2-1/2

[Event "Frankfurt Ch A 2019"]
[Site "Ffm-Höchst, BiKuZ"]
[Date "2019.05.27"]
[Round "5.5"]
[White "Neukirchner, Pascal"]
[Black "Özdemir, Ali Özden"]
[Result "1-0"]
[WhiteElo "2298"]
[BlackElo "2025"]
[PlyCount "75"]
[EventDate "2019.??.??"]
[WhiteTeam "SK Gründau"]
[BlackTeam "SK Langen"]

1. d4 Nf6 2. c4 g6 3. f3 c5 4. d5 Bg7 5. e4 d6 6. Ne2 O-O 7. Bg5 h6 8. Be3 e6
9. Nec3 exd5 10. cxd5 a6 11. a4 Nbd7 12. Nd2 Nh7 13. Be2 Re8 14. O-O f5 15. Nc4
Ne5 16. Qd2 h5 17. Rfe1 Rb8 18. Kh1 h4 19. h3 Nf7 20. Bd3 Nf6 21. Bg5 b5 22.
axb5 axb5 23. Na5 b4 24. Nb5 Nxg5 25. Nc6 Ngxe4 26. fxe4 Qb6 27. Nxd6 Nh5 28.
Nxe8 Ng3+ 29. Kh2 Bd7 30. Nxg7 Bxc6 31. dxc6 fxe4 32. Bc4+ Kxg7 33. Qd7+ Kh6
34. Ra7 Rd8 35. Qg7+ Kg5 36. Qe7+ Kh5 37. Rxe4 Nxe4 38. Be2+ 1-0

[Event "Frankfurt Ch A 2019"]
[Site "Ffm-Höchst, BiKuZ"]
[Date "2019.05.27"]
[Round "5.6"]
[White "Keller, Peter"]
[Black "Schwenkreis, Thomas"]
[Result "1-0"]
[WhiteElo "2201"]
[BlackElo "1995"]
[PlyCount "99"]
[EventDate "2019.??.??"]
[WhiteTeam "Frankfurter TV"]
[BlackTeam "SV Oberursel"]

1. e4 e5 2. Nf3 d6 3. d4 Nf6 4. dxe5 Nxe4 5. Qd5 Nc5 6. Bg5 Qd7 7. exd6 Bxd6 8.
Nc3 O-O 9. O-O-O a6 10. Be3 Qe7 11. Qh5 Nbd7 12. Nd5 Qe6 13. Bc4 Qg6 14. Qxg6
hxg6 15. a3 Ne6 16. h4 Nf6 17. Nxf6+ gxf6 18. h5 g5 19. g3 Bd7 20. Nd4 Bc5 21.
Rhe1 Rae8 22. Nxe6 Bxe3+ 23. Rxe3 Bxe6 24. Rde1 Bd7 25. Re7 Be6 26. Rxc7 Bxc4
27. Rxe8 Rxe8 28. Rxc4 Re2 29. f4 Kg7 30. f5 g4 31. Rxg4+ Kh6 32. Rb4 Kxh5 33.
Rxb7 Kg5 34. Rxf7 Kxf5 35. Ra7 Rg2 36. Rxa6 Rxg3 37. b4 Ke5 38. b5 f5 39. b6
Kd6 40. b7+ Kc7 41. Rb6 Kb8 42. a4 f4 43. Kd2 Rg2+ 44. Kd3 f3 45. a5 Rg8 46.
Ke3 Rf8 47. Kf2 Rf5 48. a6 Rf8 49. c4 Ka7 50. c5 1-0

[Event "Frankfurt Ch A 2019"]
[Site "Ffm-Höchst, BiKuZ"]
[Date "2019.05.27"]
[Round "5.8"]
[White "Neininger, Ralph"]
[Black "Calvi, Stefan"]
[Result "1-0"]
[WhiteElo "2133"]
[BlackElo "1953"]
[PlyCount "65"]
[EventDate "2019.??.??"]
[WhiteTeam "SV Oberursel"]
[BlackTeam "SF Frankfurt"]

1. d4 Nf6 2. c4 g6 3. Nc3 Bg7 4. e4 d6 5. Nf3 O-O 6. h3 c5 7. d5 e6 8. Bd3 exd5
9. exd5 Re8+ 10. Be3 Nfd7 11. O-O Ne5 12. Nxe5 Bxe5 13. Qd2 Nd7 14. Rae1 Bg7
15. Bg5 f6 16. Rxe8+ Qxe8 17. Re1 Qd8 18. Bh4 Ne5 19. Be2 g5 20. Bg3 Nf7 21.
Bh5 f5 22. f4 gxf4 23. Bxf7+ Kxf7 24. Bxf4 a6 25. Bg5 Bf6 26. Ne4 Bxg5 27.
Nxg5+ Kg6 28. Ne6 Qf6 29. Qf4 b5 30. Qxd6 bxc4 31. Qc6 Rb8 32. Nf4+ Kg5 33. h4+
1-0

[Event "Frankfurt Ch A 2019"]
[Site "Ffm-Höchst, BiKuZ"]
[Date "2019.05.27"]
[Round "5.9"]
[White "Chandler, Patrick"]
[Black "Steudel, Max"]
[Result "0-1"]
[WhiteElo "2119"]
[BlackElo "1970"]
[PlyCount "96"]
[EventDate "2019.??.??"]
[WhiteTeam "SC Nied"]
[BlackTeam "SC Brett vorm Kopp"]

1. Nf3 c5 2. e4 g6 3. Bc4 Bg7 4. O-O Nc6 5. c3 e6 6. Re1 Nge7 7. Be2 d5 8. d3
O-O 9. Bf4 d4 10. Qc1 b6 11. Bh6 Ba6 12. Rd1 Qd6 13. Na3 Rad8 14. c4 e5 15. Nb5
Bxb5 16. cxb5 Na5 17. Bxg7 Kxg7 18. b3 f6 19. Nd2 f5 20. exf5 gxf5 21. Bf3 Ng6
22. g3 Rde8 23. Qb2 Re7 24. Bg2 e4 25. dxe4 f4 26. b4 Nb7 27. Nc4 Qe6 28. bxc5
bxc5 29. Rac1 f3 30. Bf1 Qxe4 31. Nd2 Qf5 32. Nb3 Re5 33. a4 Kh8 34. Nxd4 cxd4
35. Qxd4 Nd8 36. Qxa7 Nf4 37. Rc4 Nh3+ 38. Kh1 Ne6 39. Rh4 Neg5 40. Qd4 Rfe8
41. g4 Qf4 42. Qb2 Kg8 43. Qb3+ Qf7 44. Qb2 Re1 45. Rc1 Qc4 46. Rxe1 Rxe1 47.
Qg7+ Kxg7 48. Rxh7+ Kxh7 0-1

[Event "Frankfurt Ch A 2019"]
[Site "Ffm-Höchst, BiKuZ"]
[Date "2019.05.27"]
[Round "5.10"]
[White "Pauly, Markus"]
[Black "Reitz, Philipp"]
[Result "0-1"]
[WhiteElo "1864"]
[BlackElo "2020"]
[PlyCount "58"]
[EventDate "2019.??.??"]
[WhiteTeam "Sfr. Erbach"]
[BlackTeam "VfR-SC Koblenz"]

1. c4 e5 2. Nc3 Nc6 3. Nf3 Bb4 4. Nd5 Bc5 5. Nxe5
Bxf2+ 6. Kxf2 Nxe5 7. e3 c6 8. Nc3 Nf6 9. g3 d5 10. cxd5 cxd5 11. Kg2 O-O 12.
Nb5 Nc6 13. d4 Bf5 14. Nc3 Qd7 15. h3 Rac8 16. Kh2 Ne4 17. Nxe4 Bxe4 18. Bg2
Nb4 19. Bxe4 dxe4 20. a3 Nd3 21. Rf1 Rc6 22. Bd2 Rh6 23. g4 Qe7 24. Be1 Rc8 25.
Bg3 Rhc6 26. Rg1 Qg5 27. Rg2 Qxe3 28. d5 Rh6 29. Qe2 Rxh3+ 0-1

[Event "Frankfurt Ch A 2019"]
[Site "Ffm-Höchst, BiKuZ"]
[Date "2019.05.27"]
[Round "5.11"]
[White "Koch, Markus"]
[Black "Hoti, Safet"]
[Result "1-0"]
[WhiteElo "2089"]
[BlackElo "1944"]
[PlyCount "65"]
[EventDate "2019.??.??"]
[WhiteTeam "SC Brett vorm Kopp"]
[BlackTeam "SC Heusenstamm"]

1. Nf3 Nf6 2. e3 e6 3. d4 b6 4. Bd3 Bb7 5. O-O Be7 6. Nbd2 d5 7. b3 Nbd7 8. Bb2
O-O 9. Ne5 Nxe5 10. dxe5 Ne4 11. f4 Nxd2 12. Qxd2 f5 13. Rad1 Qe8 14. Qe2 a5
15. h3 g6 16. Kh2 Kh8 17. g4 Rg8 18. Rg1 Qf7 19. c4 c6 20. Qc2 Rg7 21. gxf5
gxf5 22. Bxf5 Bc5 23. Bxe6 Qxe6 24. f5 Qh6 25. Rxg7 Kxg7 26. Qg2+ Kf7 27. Rg1
Rf8 28. Qg3 Ke7 29. f6+ Kd8 30. e6 Kc8 31. e7 Re8 32. Be5 Qh5 33. f7 1-0

[Event "Frankfurt Ch A 2019"]
[Site "Ffm-Höchst, BiKuZ"]
[Date "2019.05.27"]
[Round "5.12"]
[White "Kuhn, Gerhard"]
[Black "Hankel, Dennis"]
[Result "0-1"]
[WhiteElo "1941"]
[BlackElo "2131"]
[PlyCount "132"]
[EventDate "2019.??.??"]
[WhiteTeam "SK Marburg"]
[BlackTeam "SF Neuberg"]

1. b3 d5 2. Bb2 c6 3. e3 Bf5 4. d3 Nd7 5. Nf3 Ngf6 6. Be2 e6 7. O-O Qc7 8. Nbd2
Bd6 9. Re1 O-O 10. c4 Rfe8 11. Qc2 Bg6 12. e4 dxe4 13. Nxe4 Nxe4 14. dxe4 Nc5
15. Bd3 Rad8 16. Qc3 f6 17. Bc2 Nd7 18. h3 Qb6 19. a3 a5 20. Qe3 Bc5 21. Bd4 e5
22. Bxc5 Qxc5 23. Qc3 Bf7 24. Red1 Nf8 25. Bd3 Ne6 26. b4 axb4 27. axb4 Qe7 28.
Bc2 Bh5 29. Rxd8 Rxd8 30. c5 Bxf3 31. Qxf3 Nd4 32. Qd3 g6 33. Qc4+ Qf7 34.
Qxf7+ Kxf7 35. Bd1 Ke7 36. Ra7 Rd7 37. Bg4 f5 38. exf5 gxf5 39. Bh5 Ke6 40. Ra2
e4 41. Kf1 Ke5 42. Be8 Rd8 43. Bf7 Nb5 44. Ke1 Rd4 45. Rb2 f4 46. Bh5 Nc3 47.
Be2 h5 48. Rb3 Nxe2 49. Kxe2 h4 50. g4 f3+ 51. Ke1 Kf4 52. b5 Rc4 53. bxc6 bxc6
54. Rb8 Rxc5 55. Rf8+ Ke5 56. Re8+ Kd4 57. Rd8+ Rd5 58. Rg8 Kc3 59. Ra8 Rb5 60.
Ra3+ Kd4 61. Ra4+ Ke5 62. g5 Rb1+ 63. Kd2 Rb2+ 64. Ke1 Rb1+ 65. Kd2 Rf1 66.
Ra5+ Kf4 0-1

[Event "Frankfurt Ch A 2019"]
[Site "Ffm-Höchst, BiKuZ"]
[Date "2019.05.27"]
[Round "5.13"]
[White "Hochmuth, Christian"]
[Black "Hristovski, Srdzan"]
[Result "1/2-1/2"]
[WhiteElo "1928"]
[BlackElo "2093"]
[PlyCount "58"]
[EventDate "2019.??.??"]
[WhiteTeam "SG Wächtersbach"]
[BlackTeam "SF Frankfurt"]

1. d4 d5 2. c4 e6 3. Nc3 Nf6 4. cxd5 exd5 5. Bg5 Nbd7 6. e3 c6 7. Bd3 Be7 8.
Nf3 O-O 9. Qc2 Re8 10. O-O Nf8 11. Rab1 Ng4 12. Bxe7 Qxe7 13. h3 Nf6 14. b4 Ng6
15. b5 Qd6 16. bxc6 bxc6 17. Na4 Ne4 18. Rfc1 Bd7 19. Nc5 Nxc5 20. Qxc5 Qxc5
21. Rxc5 Reb8 22. Rxb8+ Rxb8 23. Ra5 Rb7 24. Bxg6 hxg6 25. Ne5 Be8 26. Nd3 Kf8
27. Nc5 Rc7 28. Ra3 Ke7 29. Rb3 g5 1/2-1/2

[Event "Frankfurt Ch A 2019"]
[Site "Ffm-Höchst, BiKuZ"]
[Date "2019.05.27"]
[Round "5.14"]
[White "Gräbner, Walter"]
[Black "Drill, Frank"]
[Result "1/2-1/2"]
[WhiteElo "1922"]
[BlackElo "2052"]
[PlyCount "50"]
[EventDate "2019.??.??"]
[WhiteTeam "SC Nied"]
[BlackTeam "SF Neuberg"]

1. d4 d6 2. Nf3 Bg4 3. g3 c6 4. Bg2 Nd7 5. c3 Ngf6 6. Qc2 h6 7. e4 e5 8. O-O
Be7 9. Be3 Qc7 10. Nbd2 O-O 11. Nh4 Rfe8 12. Nf5 Bf8 13. Rae1 Bxf5 14. exf5 Ng4
15. c4 Ndf6 16. dxe5 Nxe3 17. Rxe3 dxe5 18. Ne4 Nxe4 19. Bxe4 Bc5 20. Rd3 Qe7
21. Kg2 Rad8 22. Rxd8 Rxd8 23. Rd1 Rd4 24. Rxd4 Bxd4 25. b3 f6 1/2-1/2

[Event "Frankfurt Ch A 2019"]
[Site "Ffm-Höchst, BiKuZ"]
[Date "2019.05.27"]
[Round "5.15"]
[White "Deppe, Leo Max"]
[Black "Rondonuwu, Grover"]
[Result "1-0"]
[WhiteElo "1920"]
[BlackElo "2043"]
[PlyCount "72"]
[EventDate "2019.??.??"]
[WhiteTeam "SC Bad Soden"]
[BlackTeam "Frankfurter TV"]

1. e4 c5 2. Nf3 g6 3. b3 Bg7 4. Nc3 Nc6 5. Bb2 Nf6 6. Qe2 O-O 7. O-O-O d5 8. e5
Ng4 9. Na4 d4 10. Nxc5 Ngxe5 11. Nxe5 Nxe5 12. f4 d3 13. Nxd3 Bg4 14. Qe4 Nxd3+
15. Bxd3 Bxd1 16. Rxd1 e6 17. g4 Bxb2+ 18. Kxb2 Qf6+ 19. Kb1 Rad8 20. Rf1 Rd7
21. f5 exf5 22. gxf5 Re7 23. Qg4 Rfe8 24. Qg3 Qe5 25. Qh4 Rd7 26. Bc4 b5 27.
fxg6 hxg6 28. Qg4 Rb7 29. Qxg6+ Qg7 30. Qc6 Reb8 31. Bd5 Re7 32. Qc5 Rbe8 33.
Bxf7+ Rxf7 34. Rg1 Qxg1+ 35. Qxg1+ Kf8 36. Qc5+ Rfe7 1-0

[Event "Frankfurt Ch A 2019"]
[Site "Ffm-Höchst, BiKuZ"]
[Date "2019.05.27"]
[Round "5.16"]
[White "Rolf, Marco"]
[Black "Jurkic, Bosiljko"]
[Result "1/2-1/2"]
[WhiteElo "2026"]
[BlackElo "1956"]
[PlyCount "105"]
[EventDate "2019.??.??"]
[WhiteTeam "SK Gernsheim"]
[BlackTeam "SC Bad Wimpfen"]

1. d4 Nf6 2. c4 e6 3. Nc3 d5 4. cxd5 exd5 5. Bg5 Be7 6. e3 O-O 7. Bd3 c6 8. Qc2
h6 9. Bh4 Be6 10. Nf3 Nbd7 11. O-O Nh5 12. Bxe7 Qxe7 13. b4 a6 14. a4 Rfc8 15.
Rab1 b5 16. a5 Nhf6 17. Nd2 Qd6 18. f4 Nf8 19. Nf3 Rc7 20. Ne5 Re8 21. Ne2 Ng4
22. Qd2 f6 23. Nxg4 Bxg4 24. Ng3 Rce7 25. Bf5 Bxf5 26. Nxf5 Qe6 27. Nxe7+ Rxe7
28. Rfe1 f5 29. Rbc1 Nh7 30. Rc3 Nf6 31. Qc2 Rc7 32. Rc1 h5 33. Qe2 Qd6 34. Rb3
g6 35. h3 Qe6 36. Qe1 Kg7 37. Qh4 Rd7 38. Rc2 Rd8 39. Qe1 Ne4 40. Rb1 Qf6 41.
Rbc1 Rc8 42. Qe2 Qe6 43. Kh2 Qf6 44. g3 Kf7 45. Qf3 Kg7 46. Kg1 Qe6 47. Rh2 Nf6
48. Kh1 Qd6 49. Rb2 Qe6 50. Rbc2 Qd6 51. Qe2 Ne4 52. Kg2 Qe6 53. Qf3 1/2-1/2